LEADER 01019nam a2200229 u 4500 001 000000020407 003 CaOOAMICUS 005 20070226110910.0 008 950222s1964 it u000 u lat u 035 $a10498474 040 $aBAV-R2$bita$dPUL(R) 100 1 $aNagle, Cormac,$cO.F.M.$0(OLS)http://pul/name/17743 245 10$aDe elementis essentialibus status religiosi / :$bCormac Nagle. 260 $aRomae :$b[Scuola tip. "Pax et bonum"],$c1964. 300 $axix, 139 p. ;$c24 cm 502 $aDiss. -P. Athenaeum Antonianum, Facultas iuris canonici, 70. 650 4$aVita monastica e religiosa.$0(OLS)http://pul/subject/4416 850 $aPUL 852 $aPUL$W1$xSL Diritto Canonico 3$y77$m262. 99 CAN.1 180$j28666$nBK-PRI$b $qDDC 21$B28666$CPULBib$Z2$F28666 $H24872 $82 941 1 $a9 996 $6245$aDe elementis essentialibus status religiosi / :$bCormac Nagle$9(OLS)http://pul/title/28739 996 $6260$aRomae :$b[Scuola tip. "Pax et bonum"]$9(OLS)http://pul/publisher/54146 LEADER 01011nam a2200253 u 4500 001 000000089258 003 CaOOAMICUS 005 20070226124610.0 008 051115s1958 it u000 u ita u 035 $a11068743 040 $aPUL(R)$bita 100 1 $aGaddini, Renata.$0(OLS)http://pul/name/34539 245 13$aIl bambino, il medico, la medicina /$cRenata Gaddini. 260 $aBologna :$bMalipiero,$c1958. 300 $a221 p. ;$c19 cm 490 1 $aIl fanciullo nel mondo moderno 650 4$aInsegnamento.$0(OLS)http://pul/subject/1726 650 4$aMedicina.$0(OLS)http://pul/subject/17903 830 3$aIl fanciullo nel mondo moderno.$0(OLS)http://pul/title/21528 850 $aPUL 852 $aPUL$W1$xDP1 Fondo Pastorale$y55$mP11 A 23$j112887$nBK-PRI$b $qFondi$B112887$CPULBib$Z2$F112887 $HPUL1065 $81 941 1 $a1 996 $6245$aIl bambino, il medico, la medicina$9(OLS)http://pul/title/115271 996 $6260$aBologna :$bMalipiero$9(OLS)http://pul/publisher/54544